LEADER 01617nam a2200301 u 4500 001 000000063731 003 CaOOAMICUS 005 20070226121258.0 008 011106m19311961be u000 u fre u 035 $a10908955 040 $aPUL(R)$bita 100 1 $aAndrieu, Michel,$csac.,$d1886-1956,$q(Germain Clément Michel).$0(OLS)http://pul/name/1789 245 14$aLes ordines romani du haut moyen age /$cMichel Andrieu. 260 $aLouvain :$bSpicilegium sacrum lovaniense,$c1931-1961. 300 $a5 v. ;$c25 cm 490 1 $aSpicilegium Sacrum Lovaniense.$aÉtudes et documents ;$v11, 23, 24, 28, 29 500 $aAt head of title: Université Catholique de Louvain. 504 $aIncludes bibliographical references and index 505 0 $av.1. Les manuscripts -- v.2. Les textes (Ordines I-XIII) -- v.3. Les textes (Ordines XIV-XXXIV) -- v.4. Les textes (Ordines XXX-XLIX) -- v.5. Les textes (Ordo L). 650 0$aMonasticism and religious orders$xHistory$yMiddle Ages, 600-1500.$2//eng$0(OLS)http://pul/subject/20163 710 2 $aUniversité catholique de Louvain (1970- ).$0(OLS)http://pul/name/7299 830 0$aSpicilegium Sacrum Lovaniense.$pÉtudes et documents ;$v11, 23, 24, 28, 29.$0(OLS)http://pul/title/2425 850 $aPUL 852 $aPUL$W1$xSL Religione 1$y3$m79$j4210$nBK-PRI$b $qStampati$B82669$CPULBib$Z2$F82669 $H $81 941 1 $a8 961 $aINV: 27087-14946-14947 996 $6245$aLes ordines romani du haut moyen age$9(OLS)http://pul/title/84962 996 $6260$aLouvain :$bSpicilegium sacrum lovaniense$9(OLS)http://pul/publisher/48851 LEADER 01418nam a2200337 a 4500 001 000000173479 003 CaOOAMICUS 005 20200525121342.0 008 200525s2019 it u000 u ita r 020 $a978-88-372-3318-1* 032 $aLibriCat 040 $aPUL$bita 082 04$a262.52 100 1 $aCanobbio, Giacomo,$csacerdote,$d1945-$0(OLS)http://pul/name/24030 245 10$aQuale riforma per la Chiesa? / $cGiacomo Canobbio. 260 $aBrescia :$bMorcelliana,$c©2019. 300 $a188 p. ;$c21 cm 490 1 $aTeologia (Morcelliana).$aNuova Serie ;$v16 504 $aBibliografia in nota. 610 24$aPapi (2013-2025 : Franciscus)$tEvangelii Gaudium.$0(OLS)http://pul/subject/41351 610 24$aChiesa cattolica$xRiforma.$0(OLS)http://pul/subject/36970 650 4$aChiesa$xStudi.$0(OLS)http://pul/subject/38784 830 0$aTeologia (Morcelliana).$pNuova Serie ;$v16.$0(OLS)http://pul/title/103309 850 $aPUL 852 $aPUL$W1$xSL Religione 3$y85$m262 CANGI 1$j197470$qDDC 21$B202254$CPULBib$Z2$F202254 $H134185 $82 941 1 $a9 996 $6020$a978-88-372-3318-1*$9(OLS)http://pul/number/167480 996 $6082$a262.52$9(OLS)http://pul/classification/356 996 $6245$aQuale riforma per la Chiesa? / $9(OLS)http://pul/title/214662 996 $6260$aBrescia :$bMorcelliana$9(OLS)http://pul/publisher/47854